Different factors of Work Life Balance Affecting Employee Job Satisfaction: A Study of Banking Sector of Sargodha Region (Record no. 313249)
[ view plain ]
| 000 -LEADER | |
|---|---|
| fixed length control field | 00512nam a2200133Ia 4500 |
| 008 - FIXED-LENGTH DATA ELEMENTS--GENERAL INFORMATION | |
| fixed length control field | 170221s9999 xx 000 0 und d |
| 100 ## - MAIN ENTRY--PERSONAL NAME | |
| Personal name | Qurrat-ul-ain Sultan |
| 245 ## - TITLE STATEMENT | |
| Title | Different factors of Work Life Balance Affecting Employee Job Satisfaction: A Study of Banking Sector of Sargodha Region |
| 245 ## - TITLE STATEMENT | |
| Statement of responsibility, etc | Qurrat-ul-ain Sultan, Junaid Aftab, Saif ul Amin, Uzma Anjum |
| 260 ## - PUBLICATION, DISTRIBUTION, ETC. (IMPRINT) | |
| Date of publication, distribution, etc | 2014 |
| 300 ## - PHYSICAL DESCRIPTION | |
| Extent | 3 : 2 |
| 650 ## - SUBJECT ADDED ENTRY--TOPICAL TERM | |
| General subdivision | Business |
| 856 ## - ELECTRONIC LOCATION AND ACCESS | |
| Uniform Resource Identifier | <a href="http://absronline.org/journals/index.php/eimj/article/view/635/657">http://absronline.org/journals/index.php/eimj/article/view/635/657</a> |
| Withdrawn status | Lost status | Damaged status | Home library | Current library | Date acquired | Total Checkouts | Date last seen | Price effective from | Koha item type |
|---|---|---|---|---|---|---|---|---|---|
| College Library | College Library | 02/21/2017 | 02/21/2017 | 02/21/2017 | Foreign e-journal articles |